000
00416nam a2200169Ia 4500
008
090711s9999 xx 000 0 und d
082
_b
74248
100
_a
तिबिले अनंत
245
_a
वैर
260
_c
1994
300
_a
183
600
_a
तिबिले अनंत
630
_a
वैर
700
_a
तिबिले अनंत
730
_a
वैर
942
_c
BOOK
999
_c
304643
_d
304643